Giáo trình văn học Việt Nam 1945-1975
Giáo trình khái quát về văn học Việt Nam 1945 – 1975: Những điều kiện để nền văn học phát triển, những thành tựu nổi bậc của các thể loại thơ ca, truyện và ký, giới thiệu một số tác gỉa lớn của nền văn học Việt Nam như: Tố Hữu, Nguy...
Đã lưu trong:
| 主要作者: | |
|---|---|
| 格式: | 圖書 |
| 語言: | Undetermined |
| 出版: |
Cần Thơ
Nxb. Đại học Cần Thơ
2012
|
| 主題: | |
| 標簽: |
添加標簽
沒有標簽, 成為第一個標記此記錄!
|
| Thư viện lưu trữ: | Trung tâm Học liệu Trường Đại học Cần Thơ |
|---|
| LEADER | 01200nam a2200241Ia 4500 | ||
|---|---|---|---|
| 001 | CTU_172047 | ||
| 008 | 210402s9999 xx 000 0 und d | ||
| 020 | |c 26000 | ||
| 082 | |a 895.92234 | ||
| 082 | |b Đ305 | ||
| 100 | |a Nguyễn, Lâm Điền | ||
| 245 | 0 | |a Giáo trình văn học Việt Nam 1945-1975 | |
| 245 | 0 | |c Nguyễn Lâm Điền, Nguyễn Văn Minh (Biên soạn) | |
| 260 | |a Cần Thơ | ||
| 260 | |b Nxb. Đại học Cần Thơ | ||
| 260 | |c 2012 | ||
| 520 | |a Giáo trình khái quát về văn học Việt Nam 1945 – 1975: Những điều kiện để nền văn học phát triển, những thành tựu nổi bậc của các thể loại thơ ca, truyện và ký, giới thiệu một số tác gỉa lớn của nền văn học Việt Nam như: Tố Hữu, Nguyễn Tuên, Chế Lan Viên... | ||
| 526 | |a Văn học Việt Nam hiện đại 3 (1945 - 1975) | ||
| 526 | |b SG216 | ||
| 650 | |a Vietnamese literature,Văn học Việt Nam | ||
| 650 | |y 21st century,Thế kỷ 21 | ||
| 904 | |i Tuyến | ||
| 980 | |a Trung tâm Học liệu Trường Đại học Cần Thơ | ||